| 000 | 00642 a2200217 4500 | ||
|---|---|---|---|
| 260 | _aParis | ||
| 630 | _a33 - Economie - Economie politique | ||
| 650 | _a3 - SCIENCES SOCIALES | ||
| 100 | _aRaots, Rutherford M. | ||
| 260 | _bOrganisation de coopération et de développement économiques | ||
| 245 | _aCoopération pour le développement : efforts et politiques poursuivis par les membres du Comité d'aide au développement | ||
| 300 | _a291p. | ||
| 650 | _aDéveloppement : coopération | ||
| 260 | _c1984 | ||
| 300 | _b24cm | ||
| 100 | _lFr | ||
| 037 | _aDE 2445 | ||
| 020 | _a292-64-22649-4 | ||
| 999 |
_c44140 _d44140 |
||